El astrónomo / (Record no. 175535)
[ view plain ]
| 000 -CABECERA | |
|---|---|
| campo de control de longitud fija | 00715nam a2200217 u 4500 |
| 005 - FECHA Y HORA DE LA ÚLTIMA TRANSACCIÓN | |
| campo de control | 20240806064038.0 |
| 008 - ELEMENTOS DE LONGITUD FIJA--INFORMACIÓN GENERAL | |
| campo de control de longitud fija | 150512s2006 es r 000 0 spa d |
| 020 ## - NÚMERO INTERNACIONAL NORMALIZADO PARA LIBROS | |
| Número Internacional Estándar del Libro | 8478717110 |
| 035 ## - NÚMERO DE CONTROL DEL SISTEMA | |
| Número de control de sistema | UPN01000203434 |
| 049 ## - COLECCIÓN | |
| Colección | I |
| 050 #4 - SIGNATURA TOPOGRÁFICA DE LA BIBLIOTECA DEL CONGRESO | |
| Número de clasificación | PS3222 |
| Número de documento/Ítem | A8.7 |
| 100 1# - ASIENTO PRINCIPAL--NOMBRE PERSONAL | |
| Nombre de persona | Whitman, Walt, |
| Fechas asociadas al nombre | 1819-1892 |
| 9 (RLIN) | 32621 |
| 245 13 - MENCIÓN DE TÍTULO | |
| Título | El astrónomo / |
| Mención de responsabilidad, etc. | Walt Whitman ; il. Loren Long ; tr. Miguel Angel Mendo. |
| 260 ## - PUBLICACIÓN, DISTRIBUCIÓN, ETC. | |
| Lugar de publicación, distribución, etc. | Barcelona [Esp.] : |
| Nombre del editor, distribuidor, etc. | Serres : |
| -- | RBA, |
| Fecha de publicación, distribución, etc. | 2006. |
| 300 ## - DESCRIPCIÓN FÍSICA | |
| Extensión | [31] p. : |
| Otras características físicas | principalmente il. col. |
| 534 ## - NOTA SOBRE LA VERSIÓN ORIGINAL | |
| Frase introductoria | Titulo original: |
| Mención de título del original | When I heard the learn'd astronomer |
| 650 #4 - ASIENTO SECUNDARIO DE MATERIA - TERMINO TEMATICO | |
| Término de materia o nombre geográfico como elemento de entrada | Literatura estadounidense |
| 9 (RLIN) | 5229 |
| 650 #7 - ASIENTO SECUNDARIO DE MATERIA - TERMINO TEMATICO | |
| Término de materia o nombre geográfico como elemento de entrada | Libros ilustrados para niños |
| Fuente del encabezamiento o término | |
| 9 (RLIN) | 21365 |
| 905 ## - TIPO DE MATERIAL | |
| Tipo de material | Infantil |
| Estado de retiro | Estado de pérdida | Fuente del sistema de clasificación o colocación | Estado dañado | No para préstamo | Código de colección | Localización permanente | Ubicación/localización actual | Ubicación en estantería | Fecha de adquisición | Total de préstamos | Clasificación | Código de barras | Fecha visto por última vez | Fecha del último préstamo | Número de copia | Tipo de ítem Koha |
|---|---|---|---|---|---|---|---|---|---|---|---|---|---|---|---|---|
| Library of Congress Classification | Infantil | Bib. Gregorio Torres Quintero | Bib. Gregorio Torres Quintero | Sala infantil Planta baja | 24/04/2023 | 2 | PS3222 A8.7 | 304164 | 08/05/2023 | 24/04/2023 | 1 | Libro |
